[Event "HUN-chT 2017-18"]
[Site "Budapest"]
[Date "2018.05.05"]
[Round "8"]
[White "Kravtsiv, Martyn"]
[Black "Roganovic, Milos"]
[Result "1-0"]
[WhiteElo "2655"]
[BlackElo "2519"]
[Annotator "TA"]
[PlyCount "45"]
[EventDate "2018.??.??"]
[EventType "team-tourn"]
[EventCountry "HUN"]
[SourceTitle "playchess.com"]
[Source "ChessBase"]
[SourceQuality "1"]

{[%evp 19,45,41,32,23,19,9,14,0,41,36,51,53,143,138,260,236,228,225,541,516,539,536,1115,535,29997,29998,29998,29999]} 1. e4 c5 2. Nf3 Nc6 3. d4 cxd4 4. Nxd4 e5 5. Nb5 a6 6. Nd6+ Bxd6 7. Qxd6 Qe7 8. Qd1 Nf6 9. Nc3 d6 10. Bg5 {B32: Sicilian: Löwenthal and Kalashnikov Variations} (10. Bc4 Be6 11. Bb3 h6 12. Be3 O-O 13. O-O Rac8 14. Qd2 Na5 15. Rad1 Nc4 16. Bxc4 Rxc4 17. Qxd6 Qxd6 18. Rxd6 {½-½ (39) Sarana,A (2577)-Sjugirov,S (2652) Batumi 2018}) 10... Be6 {LiveBook: 50 Games} 11. Qd2 h6 12. Be3 {[%cal Bg5e3,Be3f4,Bf4d6][%mdl 32] The position is equal.} Qc7 $146 ({Predecessor:} 12... O-O 13. O-O-O Ne8 14. Rg1 Rc8 15. Nd5 Qh4 16. f4 exf4 17. Bxf4 Bxd5 18. exd5 {1-0 (46) Wu,Y (2159)-Van Zyl Rudd,J (2041) Budapest 2017}) 13. f4 exf4 14. Bxf4 Rd8 15. O-O-O {[%cal Rf4d6]} Qa5 (15... O-O $14) 16. Bxd6 $16 Bxa2 {[#]} (16... Ng4 $16) 17. e5 $1 $18 {[%cal Re5f6][%mdl 512]} Ng4 {[#]} (17... Nxe5 18. Re1) 18. b3 $1 Nf2 $2 (18... Bxb3 19. cxb3 Qa1+ 20. Kc2 (20. Nb1 Rc8 $16) 20... Nb4+ 21. Bxb4 Rxd2+ 22. Rxd2 Ne3+ 23. Kd3 Qe1) 19. Qxf2 Qxc3 20. Bc4 {[%csl Gc4][%cal Rf2f7]} f6 21. Qf5 (21. Rhe1 $142 {White wants to mate with exf6+.} Qa1+ 22. Kd2) 21... Nd4 22. Qg6+ Kd7 23. Qf7+ {Precision: White = 76%, Black = 23%.} 1-0

[Event "HUN-chT 2017-18"]
[Site "Budapest"]
[Date "2018.05.05"]
[Round "8"]
[White "Lenic, Luka"]
[Black "Hujbert, Florian"]
[Result "1-0"]
[WhiteElo "2653"]
[BlackElo "2425"]
[Annotator "TA"]
[PlyCount "47"]
[EventDate "2018.??.??"]
[EventType "team-tourn"]
[EventCountry "HUN"]
[SourceTitle "playchess.com"]
[Source "ChessBase"]
[SourceQuality "1"]

{[%evp 18,47,24,29,39,24,31,20,28,5,117,114,167,161,240,214,394,372,579,561,566,520,703,693,695,683,702,677,903,853,851,813]} 1. d4 g6 2. c4 Bg7 3. Nf3 e6 4. g3 Ne7 5. Bg2 d5 6. O-O O-O 7. Nc3 Nbc6 8. cxd5 exd5 9. Bf4 Be6 {A13: English Opening: 1...e6} 10. Rc1 {LiveBook: 3 Games} h6 11. h4 $146 ({Predecessor:} 11. Ne5 g5 12. Nxc6 Nxc6 13. Be3 Ne7 14. f3 Nf5 15. Bf2 c6 16. Qd2 Qf6 17. Rfd1 {0-1 (53) Pavlov,S (2471)-Aleksandrov,A (2607) Moscow 2012}) 11... f6 {White has an edge.} 12. e4 dxe4 13. Nxe4 b6 (13... Bf7 $11) 14. Re1 $16 {[%cal Bf1e1,Be1d1,Bd1d4][%mdl 32]} Qd7 (14... Bf7 $16) 15. Nc3 $18 {aiming for d5!} Bf7 {[#]} (15... Bg4 $142) 16. d5 $1 {[%cal Rd5c6,Bd4d5,Bd5d6][%mdl 544]} Nb4 $2 (16... Ne5 {was called for.} 17. Bxe5 (17. Nxe5 fxe5 18. Bxe5 Rae8 $18) 17... fxe5 18. Nxe5 Bxe5) (16... Nxd5 17. Nxd5) 17. d6 Nf5 (17... cxd6 $142 18. Bxd6 (18. Qxd6 Qxd6 19. Bxd6 Nd3 $16) 18... Nec6) 18. dxc7 {White is clearly winning.} Qxd1 19. Rexd1 g5 20. Nd4 Nxd4 21. Rxd4 Rac8 22. Bd6 a5 23. Bxf8 Bxf8 24. Nb5 {Precision: White = 100%, Black = 24%.} 1-0

[Event "HUN-chT 2017-18"]
[Site "Budapest"]
[Date "2018.05.05"]
[Round "8"]
[White "Balogh, Csaba"]
[Black "Horvath, Jozsef"]
[Result "1/2-1/2"]
[WhiteElo "2628"]
[BlackElo "2504"]
[Annotator "TA"]
[PlyCount "55"]
[EventDate "2018.??.??"]
[EventType "team-tourn"]
[EventCountry "HUN"]
[SourceTitle "playchess.com"]
[Source "ChessBase"]
[SourceQuality "1"]

{[%evp 19,55,33,31,27,30,21,22,11,26,0,-7,6,0,-7,-3,0,7,0,0,-29,-20,-16,-27,-25,-18,-16,-17,-53,-52,-54,-49,-49,-49,-47,0,0,0,0]} 1. e4 d6 2. d4 Nf6 3. Nc3 e5 4. Nf3 Nbd7 5. Bc4 exd4 6. Nxd4 {C41: Philidor Defence} Nb6 7. Be2 Be7 8. O-O O-O 9. a4 a5 10. f4 d5 {LiveBook: 3 Games} 11. e5 Ne4 12. Nxe4 dxe4 13. c3 Bc5 14. Kh1 $146 Bxd4 15. cxd4 f5 16. b4 Be6 17. bxa5 Nc4 18. Qb3 Qxd4 19. Ra2 {[#] Rc2 is the strong threat.} Qd5 20. Rc2 Nxa5 21. Qxd5 Bxd5 22. Rxc7 Rfc8 23. Rxc8+ Rxc8 24. Be3 Rc2 25. Bb5 Nc4 26. Bxc4 $1 Bxc4 27. Rc1 $1 {[%cal Rc1c2]} Rxc1+ 28. Bxc1 {Precision: White = 53%, Black = 91%.} 1/2-1/2

[Event "HUN-chT 2017-18"]
[Site "Budapest"]
[Date "2018.05.05"]
[Round "8"]
[White "Sedlak, Nikola"]
[Black "Terbe, Julianna"]
[Result "1-0"]
[WhiteElo "2609"]
[BlackElo "2217"]
[Annotator "TA"]
[PlyCount "91"]
[EventDate "2018.??.??"]
[EventType "team-tourn"]
[EventCountry "HUN"]
[SourceTitle "playchess.com"]
[Source "ChessBase"]
[SourceQuality "1"]

{[%evp 18,91,22,0,8,11,69,73,80,77,104,100,113,58,60,50,59,62,95,84,97,94,113,110,118,122,164,160,156,160,152,153,187,164,175,152,179,174,178,115,104,114,117,106,127,75,118,135,189,180,184,165,160,133,140,116,141,53,52,0,0,0,0,-11,-15,-118,-105,-112,0,0,0,0,29988,5631,2372,747]} 1. d4 d5 2. Nf3 Nf6 3. Bf4 c5 4. e3 Nc6 5. Nbd2 e6 6. c3 cxd4 7. exd4 {D02: 1 d4 d5 2 Nf3 sidelines, including 2...Nf6 3 g3 and 2...Nf6 3 Bf4} (7. cxd4 Qb6 8. Rb1 Nh5 9. Bg5 h6 10. Bh4 g5 11. Bg3 g4 12. Ne5 Nxg3 13. hxg3 Nxe5 14. dxe5 h5 {½-½ (30) Artemiev,V (2701)-Adhiban,B (2661) Sharjah 2018}) 7... Nh5 8. Be3 Bd6 9. Ne5 g6 10. Nd3 {LiveBook: 7 Games} O-O 11. g3 f5 (11... Ng7 $11) 12. Bh6 $146 ({Predecessor:} 12. f4 Nf6 13. Nf3 Ne4 14. Be2 b6 {½-½ (69) Albrecht,R (2067)-Farmani Anosheh,Y (2194) Berlin 2017}) 12... Rf7 13. Nf3 Qc7 14. Be2 Nf6 15. Nfe5 (15. h4 $16) 15... Bxe5 16. Nxe5 Nxe5 17. dxe5 Ne4 (17... Qxe5 $2 18. Bf4 $18) 18. f3 Nc5 19. Qd4 Bd7 20. h4 Be8 21. h5 Nd7 22. hxg6 hxg6 23. Bf4 Nf8 24. O-O-O b5 25. Kb1 a5 26. Rh6 Rb8 27. Rdh1 {Intending Rh8+ and mate.} Rh7 28. g4 ({White should play} 28. Be3 $18) 28... fxg4 $16 29. fxg4 b4 {And now ...bxc3 would win.} 30. c4 Rd8 31. Bg5 (31. Rxh7 $142 {Rh8+ would kill now.} Nxh7 32. c5) 31... Rdd7 {[#]} 32. c5 $1 {Threatens to win with Bb5.} Rxh6 (32... Rdf7 $16 33. Bf6 Rxh6 34. Rxh6 Rh7) 33. Bxh6 $18 (33. Rxh6 $6 Rh7 $16) 33... Rh7 34. g5 Nd7 {[%cal Bf8d7,Bd7f6,Bf6e4][%mdl 32]} 35. Bb5 {Hoping for c6.} Rf7 36. Rc1 Rf5 37. Qh4 ({Better is} 37. Qg1 $16) 37... Qxe5 $14 {aiming for ...Nxc5!} 38. Re1 (38. c6 $1 $14 Nb6 39. Re1) 38... Qb8 $1 $11 {[%cal Rb8b5]} 39. Qd4 {[%csl Gh6][%cal Rd4g7]} Nf6 $1 40. Bd3 e5 41. Qg1 {[#]} (41. Qh4 $1 $11 Rf4 42. Qh1) 41... Ne4 $1 $17 {[%cal Re4d2][%mdl 512]} 42. c6 (42. Bxe4 dxe4) 42... Bxc6 (42... Qd6 $17 {Strongly threatening ...Nd2+.} 43. Rd1 Qxc6) 43. Rxe4 $1 $11 dxe4 44. Bc4+ {[#]} Kh8 $2 {[%mdl 8192]} (44... Rf7 $1 $11 45. Qf2 (45. Bxf7+ Kxf7 46. Qf1+ Ke6 $17) 45... Qb7) 45. Qh2 (45. Qh1 $142 Rf1+ 46. Qxf1 Qd8 47. Qh1 Bd5 48. Bf8+ Kg8 49. Qh6 Kf7 50. Bxd5+ Qxd5 51. Qg7+ Ke6 52. Qg8+ Kf5 53. Qxd5) 45... Rf1+ $18 46. Bxf1 {Precision: White = 57%, Black = 56%.} (46. Kc2 $142 Bd5 47. Bf8+ (47. Bxf1 Qc8+ 48. Kb1 Qf5 $16) 47... Kg8 48. Bxd5+ Kxf8 49. Qh8+ Ke7 50. Qxb8 Rf2+ 51. Kd1 Rf1+ 52. Ke2) 1-0

[Event "HUN-chT 2017-18"]
[Site "Budapest"]
[Date "2018.05.05"]
[Round "8"]
[White "Markus, Robert"]
[Black "Bakos, Balazs"]
[Result "1-0"]
[WhiteElo "2603"]
[BlackElo "2420"]
[Annotator "TA"]
[PlyCount "81"]
[EventDate "2018.??.??"]
[EventType "team-tourn"]
[EventCountry "HUN"]
[SourceTitle "playchess.com"]
[Source "ChessBase"]
[SourceQuality "1"]

{[%evp 21,81,10,19,10,28,18,33,29,55,35,58,34,79,62,126,120,125,124,126,126,138,125,131,110,114,114,116,112,119,119,119,117,130,127,123,118,136,123,198,192,216,199,241,253,245,230,231,227,220,208,190,207,264,264,251,250,352,335,508,466,727,693]} 1. d4 Nf6 2. c4 g6 3. Nf3 Bg7 4. g3 c6 5. Bg2 O-O 6. O-O d5 7. b3 Ne4 8. Bb2 a5 9. Nc3 Bf5 10. e3 Nxc3 {D78: Fianchetto Grünfeld: 6 0-0 c6} 11. Bxc3 Be4 {LiveBook: 36 Games} 12. Bh3 c5 {The position is equal.} 13. Rc1 {[#]} e6 $146 ({Predecessor:} 13... cxd4 14. Bxd4 Nc6 15. Bxg7 Kxg7 16. cxd5 {½-½ (16) Kovacevic,B (2480)-Jaracz,P (2575) Pardubice 2011}) 14. cxd5 Qxd5 15. Nd2 $1 Bd3 16. Bg2 Qd7 17. Re1 Rd8 {[#]} (17... cxd4 $14 18. Bxd4 Rd8) 18. d5 $1 $16 (18. dxc5 $6 Bxc3 19. Rxc3 Bb5 $11) 18... exd5 19. Bxg7 Kxg7 20. Rxc5 Qe6 21. Qa1+ Qf6 22. Bxd5 Qxa1 23. Rxa1 Ra7 {aiming for ...b6.} 24. Nc4 a4 {White should prevent ...axb3.} 25. Rc1 axb3 26. axb3 Bxc4 27. Bxc4 Nc6 28. Rd5 Rc8 29. Rb5 Na5 {[#]} (29... Rd8 $16 {keeps fighting.} 30. Rc2 Rd6) 30. Ra1 $1 $18 b6 31. Bd5 Rc5 32. Rxc5 bxc5 {[%mdl 4096] Endgame KRB-KRN} 33. Ra4 f5 34. f3 {[%cal Bf2f3,Bf3e4,Be4e5][%mdl 32]} Kf6 35. Kf2 Ke5 36. e4 fxe4 37. fxe4 ({But not} 37. Bxe4 $6 Kd6 $18) 37... Kd6 38. Ke3 g5 (38... Ke5 $142 39. h4 Ra6) 39. Kd3 Kc7 (39... h5 {might work better.} 40. Kc3 Ra6) 40. e5 Kb6 (40... Kd8 $142 41. Ke4 h6) 41. Ke4 {Precision: White = 86%, Black = 44%.} 1-0

[Event "HUN-chT 2017-18"]
[Site "Budapest"]
[Date "2018.05.05"]
[Round "8"]
[White "Perunovic, Milos"]
[Black "Juhasz, Armin"]
[Result "1-0"]
[WhiteElo "2595"]
[BlackElo "2362"]
[Annotator "TA"]
[PlyCount "63"]
[EventDate "2018.??.??"]
[EventType "team-tourn"]
[EventCountry "HUN"]
[SourceTitle "playchess.com"]
[Source "ChessBase"]
[SourceQuality "1"]

{[%evp 25,63,-4,0,-4,-16,-22,-27,-50,50,46,55,34,104,135,303,320,315,331,316,327,333,324,347,358,452,268,268,268,268,268,305,295,483,495,948,967,879,830,1428,1348]} 1. e4 c5 2. Nf3 g6 3. d4 cxd4 4. Nxd4 Nc6 5. c4 Nf6 6. Nc3 d6 7. Nc2 Bg7 8. Be2 O-O 9. O-O Nd7 10. Bd2 Nc5 11. b4 Bxc3 {B37: Sicilian: Maroczy Bind with 5...Bg7, sidelines} (11... Ne6 12. Rc1 a5 13. a3 axb4 14. axb4 Ned4 15. Nxd4 Nxd4 16. Be3 Nxe2+ 17. Qxe2 Bxc3 18. Rxc3 f6 19. Rd1 Be6 20. c5 {1-0 (31) Grandelius,N (2642)-Nielsen,P (2645) Sweden 2017}) 12. Bxc3 Nxe4 13. Bb2 e5 {LiveBook: 10 Games. The position is equal.} 14. Bd3 Nf6 15. b5 Na5 16. f4 $146 ({Predecessor:} 16. Ne3 Be6 17. Rc1 Rc8 18. Be2 a6 19. bxa6 bxa6 {½-½ (37) Simmelink,J (2278)-Szabo,M (2199) LSS email 2012}) 16... Nd7 ({Black should play} 16... Be6 $15 17. fxe5 dxe5) 17. Ne3 $14 Nc5 18. Be2 f6 {[#]} (18... Be6 $14) 19. fxe5 $1 $16 fxe5 $2 {[#]} (19... dxe5 $16 {was worth a try.} 20. Qxd8 Rxd8) 20. Rxf8+ $1 $18 Qxf8 21. Qd2 Qh6 {intending ...Be6.} 22. Bc1 Qh4 23. Qxa5 Ne4 {White must now prevent ...Qf2+.} 24. g3 Nxg3 25. Bf3 (25. hxg3 $142 Qxg3+ 26. Ng2) 25... Nf5 26. Nxf5 Bxf5 27. Qd2 Rf8 28. Ba3 ({Weaker is} 28. Bxb7 Qg4+ 29. Bg2 Be4 $14) 28... Be6 $2 (28... Rf7 29. Bg2 (29. Qxd6 Qf4 $11) 29... Be4) 29. Qxd6 {[%csl Ga3][%cal Rd6f8] White is clearly winning.} Rf6 (29... Re8 $142 30. Bxb7 Qg4+ 31. Kh1 Bxc4 32. Bd5+ Bxd5+ 33. Qxd5+ Kg7) 30. Qd8+ Kg7 {[#]} 31. Bf8+ $1 {[%mdl 512]} Rxf8 32. Qxh4 {Precision: White = 81%, Black = 34%.} 1-0

[Event "HUN-chT 2017-18"]
[Site "Budapest"]
[Date "2018.05.05"]
[Round "8"]
[White "Stevic, Hrvoje"]
[Black "Popovic, Dusan"]
[Result "1/2-1/2"]
[WhiteElo "2588"]
[BlackElo "2537"]
[Annotator "TA"]
[PlyCount "51"]
[EventDate "2018.??.??"]
[EventType "team-tourn"]
[EventCountry "HUN"]
[SourceTitle "playchess.com"]
[Source "ChessBase"]
[SourceQuality "1"]

{[%evp 14,51,11,16,18,0,8,0,0,0,0,0,0,0,0,0,0,0,0,0,0,0,0,0,0,0,0,0,0,0,0,0,0,0,0,0,0,0,0,0]} 1. e4 {[%cal Be2e4,Be4e5][%mdl 32]} c5 2. Nf3 d6 3. d4 cxd4 4. Qxd4 Nf6 5. Nc3 a6 6. e5 Nc6 {B53: Sicilian: 2...d6: Lines with Qxd4} 7. Qa4 Ng4 (7... dxe5 8. Nxe5 Bd7 9. Nxd7 Qxd7 10. Bd2 g6 11. O-O-O Bg7 12. Bg5 Qg4 13. Bxf6 Qxa4 14. Nxa4 Bxf6 {½-½ (49) Kramnik,V (2808)-Nakamura,H (2785) Stavanger 2017}) 8. exd6 {LiveBook: 7 Games. The position is equal.} Qb6 9. Nd5 $146 ({Predecessor:} 9. h3 Qxf2+ 10. Kd1 Nf6 11. Nb5 Rb8 12. Nc7+ Kd8 13. Nxa6 bxa6 14. Qxc6 exd6 {1-0 (40) Hovhannisyan,R (2591)-Ter Sahakyan,S (2563) Yerevan 2018}) 9... Qxf2+ 10. Kd1 Rb8 {[#] White must now prevent ...Qc5.} 11. dxe7 Bxe7 12. Nxe7 Kxe7 13. Qa3+ Ke8 {aiming for ...Be6.} 14. h3 Bf5 {[%csl Gf2][%cal Rf5c2] [#]} 15. Bd2 $1 Nf6 {Hoping for ...Rd8.} 16. Bd3 Bxd3 17. cxd3 {[%cal Bc2d3,Bd3d4,Bd4e5,Be5f6][%mdl 32]} Qxg2 18. Re1+ Kd7 19. d4 $1 {And now Qb3 would win.} Rhe8 {...Rxe1+ is the strong threat.} 20. Ne5+ Nxe5 21. dxe5 Re6 $1 {Threatens to win with ...Rbe8.} 22. exf6 Rxe1+ 23. Bxe1 {Intending Qe7+ and mate.} Qd5+ 24. Bd2 {White threatens Qe7+ and mate.} Qh1+ 25. Be1 {White wants to mate with Qe7+.} Qd5+ 26. Bd2 {Precision: White = 77%, Black = 100%.} 1/2-1/2

[Event "HUN-chT 2017-18"]
[Site "Budapest"]
[Date "2018.05.05"]
[Round "8"]
[White "Hracek, Zbynek"]
[Black "Havasi, Gergo"]
[Result "1-0"]
[WhiteElo "2582"]
[BlackElo "2367"]
[Annotator "TA"]
[PlyCount "119"]
[EventDate "2018.??.??"]
[EventType "team-tourn"]
[EventCountry "HUN"]
[SourceTitle "playchess.com"]
[Source "ChessBase"]
[SourceQuality "1"]

{[%evp 22,119,23,14,20,8,21,10,30,16,27,12,22,31,27,16,26,9,16,25,24,34,26,34,203,26,24,27,68,68,100,87,194,181,197,184,184,127,148,56,56,56,87,56,64,56,61,61,127,73,74,74,394,391,370,360,394,335,353,337,334,349,347,347,352,357,338,324,338,357,337,316,358,346,302,256,363,366,365,313,553,404,623,533,959,977,867,819,1720,1963,1490,828,29964,29963,29961,29964,29961,29952,29968,29964]} 1. e4 e5 2. Nf3 Nc6 3. Bb5 a6 4. Ba4 Nf6 5. O-O Be7 6. d3 b5 7. Bb3 d6 8. a4 b4 9. Nbd2 O-O 10. a5 h6 {C84: Closed Ruy Lopez: Unusual White 6th moves} (10... Rb8 11. Re1 Be6 12. Bxe6 fxe6 13. Nb3 Qc8 14. Qe2 Nd8 15. d4 exd4 16. Nbxd4 c5 17. Nb3 e5 18. Nbd2 Ne6 19. Nc4 Nd4 20. Nxd4 cxd4 {½-½ (43) Caruana,F (2807)-Carlsen,M (2822) Saint Louis 2017}) 11. Nc4 Be6 12. Be3 {LiveBook: 3 Games} Qc8 {The position is equal.} 13. Qe2 Qb7 14. h3 Rfd8 15. Rfe1 Bf8 $146 16. Nh2 d5 17. exd5 Nxd5 18. Nf3 {[%cal Bh2f3,Bf3h4,Bh4f5,Bf5h6,Bh6g4][%mdl 32]} f6 19. Ncd2 Bf7 20. Nh4 Qc8 21. Qf3 $36 {[%mdl 2048] White has some pressure.} Nce7 {[%cal Bc6e7,Be7d5,Bd5f4][%mdl 32]} 22. Bc5 g5 $2 (22... Nc6 $1 $14 23. Bxf8 Kxf8) 23. Bxd5 $2 (23. Bxe7 $1 $18 Nxe7 24. Qxf6 (24. Bxf7+ Kxf7 25. Qh5+ Kg7 $14) 24... Bxb3 25. Ng6 (25. Nxb3 Rd6 $11) 25... Nxg6 26. Qxg6+ Bg7 27. Nxb3) 23... Nxd5 $11 24. Bxf8 Rxf8 25. Nf5 Be6 26. Nxh6+ Kh7 (26... Kg7 $16) 27. Ng4 $18 Nf4 28. Ne4 Kg6 29. Qg3 (29. d4 $18 Bd5 30. Qg3) 29... Bxg4 $16 30. Qxg4 (30. hxg4 $16 b3 31. cxb3) 30... Qxg4 $14 31. hxg4 Rh8 32. g3 Ne6 33. c3 bxc3 34. bxc3 {[%cal Bb2c3,Bc3c4][%mdl 32]} Rhd8 (34... Rab8 $14) 35. Re3 ({White should try} 35. Ra4 $1) 35... Rd5 $16 36. Ra4 Nc5 $2 {[%mdl 8192] [#]} (36... Rf8 $16 {is a better chance.}) 37. c4 $1 $18 Nxa4 38. cxd5 {[%mdl 4096] Endgame KRN-KRN} Rf8 39. Re2 {Strongly threatening Ra2.} Rb8 {If Black can now play ...Rb1+ this consolidates a bit.} 40. Rc2 Rb5 41. Rxc7 Rxd5 42. Rc6 Rxa5 43. Rxf6+ Kg7 44. Rf5 Nb2 45. Rxg5+ Kf7 46. Rf5+ Kg7 47. Rf6 Nxd3 {[#] aiming for ...Nc5.} 48. g5 $1 Ra1+ (48... Kg8 $142 49. Rd6 Nc5) 49. Kg2 a5 50. Rd6 Nb4 $2 (50... Rd1 {keeps fighting.} 51. Ra6 Ra1) 51. f4 {Black must now prevent f5.} exf4 (51... Nc2 $142 52. Nc5 (52. fxe5 Re1 $18) 52... exf4) 52. gxf4 Nc2 53. Ng3 Ne3+ 54. Kf3 Nc4 55. Nf5+ Kf8 56. Rd4 Nb2 57. g6 {[%cal Rd4d8] White mates.} Rd1 58. Re4 Rg1 59. Re6 a4 60. Rb6 {Precision: White = 64%, Black = 46%.} 1-0

[Event "HUN-chT 2017-18"]
[Site "Budapest"]
[Date "2018.05.05"]
[Round "8"]
[White "Babula, Vlastimil"]
[Black "Lajthajm, Borko"]
[Result "1/2-1/2"]
[WhiteElo "2556"]
[BlackElo "2422"]
[Annotator "TA"]
[PlyCount "49"]
[EventDate "2018.??.??"]
[EventType "team-tourn"]
[EventCountry "HUN"]
[SourceTitle "playchess.com"]
[Source "ChessBase"]
[SourceQuality "1"]

{[%evp 15,49,42,43,30,34,35,33,27,35,33,40,40,45,37,44,39,37,32,57,56,64,66,63,67,104,104,104,104,98,42,42,42,42,42,42,36]} 1. d4 Nf6 2. c4 e6 3. Nf3 b6 4. g3 Bb4+ 5. Bd2 a5 6. Bg2 Bb7 7. O-O Bxd2 8. Qxd2 O-O {LiveBook: 35 Games. E16: Queen's Indian: 4 g3 Bb7 5 Bg2 Bb4+} (8... Na6 9. Nc3 O-O 10. Qf4 d6 11. Rad1 Nd7 12. Rfe1 Qe7 13. e4 Rfd8 14. b3 h6 15. h4 Nb4 16. Qd2 {½-½ (31) Vitiugov,N (2721)-Jobava,B (2661) Gjakova 2016}) 9. Qc2 Be4 10. Qc1 d5 $146 ({Predecessor:} 10... Nc6 11. Rd1 Ne7 12. Nc3 d5 13. Nxe4 Nxe4 14. Ne5 Qd6 15. Qf4 f5 16. cxd5 exd5 {½-½ (110) Michalik,P (2553)-Longa Yauca,J (2198) Caleta 2018}) 11. Nc3 Bxf3 12. Bxf3 c6 13. cxd5 exd5 14. Qf4 Ra7 15. Rac1 Re8 16. a3 Rae7 17. Rc2 h6 18. Rfc1 Re6 19. Bg2 Qd6 20. Qxd6 Rxd6 21. Na4 Nfd7 22. e3 ({White should play} 22. b3 $16) 22... b5 $14 {White is slightly better.} 23. Nc5 Nxc5 24. Rxc5 a4 25. h4 {Precision: White = 56%, Black = 60%.} 1/2-1/2

[Event "HUN-chT 2017-18"]
[Site "Budapest"]
[Date "2018.05.05"]
[Round "8"]
[White "Jovanovic, Zoran"]
[Black "Csonka, Balazs"]
[Result "1-0"]
[WhiteElo "2551"]
[BlackElo "2449"]
[Annotator "TA"]
[PlyCount "71"]
[EventDate "2018.??.??"]
[EventType "team-tourn"]
[EventCountry "HUN"]
[SourceTitle "playchess.com"]
[Source "ChessBase"]
[SourceQuality "1"]

{[%evp 23,71,14,17,13,34,34,34,34,46,38,40,40,47,47,40,41,43,34,35,5,4,0,7,2,364,356,367,347,351,333,331,270,310,256,447,422,611,276,605,548,628,420,620,617,609,609,29973,29973,29980,29981]} 1. e4 e5 2. Nf3 Nc6 3. Bb5 Nf6 4. O-O Nxe4 5. Re1 Nd6 6. Nxe5 Be7 7. Bf1 Nxe5 8. Rxe5 O-O 9. d4 Ne8 {C67: Ruy Lopez: Berlin Defence: 4 0-0 Nxe4} 10. d5 Bc5 11. Re1 d6 12. Nc3 Bf5 {LiveBook: 3 Games} 13. Bd3 Bxd3 14. Qxd3 Nf6 15. Na4 {[#]} Qd7 $146 ({Predecessor:} 15... Re8 16. Bd2 Rxe1+ 17. Rxe1 {½-½ (38) Karjakin,S (2782)-Carlsen,M (2864) Moscow 2013}) 16. Nxc5 dxc5 17. c4 Rfe8 18. Bf4 Rxe1+ 19. Rxe1 Re8 20. Re3 Rxe3 21. Qxe3 Qa4 {[#] ( -> ...Qd1+)} 22. b3 $36 {[%mdl 2048] White is more active.} Qxa2 23. h3 b5 $2 {[%mdl 8192]} (23... Qa1+ $11 24. Kh2 Qd4) 24. Qxc5 $18 Qb1+ 25. Kh2 {[#] d6 is the strong threat.} Qf5 26. Qxc7 {Qd8+ would kill now.} h5 27. Bg3 Kh7 28. Qe5 Qd3 $2 (28... Kg6 29. Qc3 Qe4) 29. Bh4 Nd7 (29... bxc4 $142 30. Bxf6 gxf6 31. Qxh5+ Kg8 32. Qg4+ Kf8 33. bxc4 a5 34. Qc8+ Kg7) 30. Qxh5+ Kg8 31. Qg4 Ne5 32. Qc8+ Kh7 33. Bg3 bxc4 34. Bxe5 cxb3 35. d6 {[%cal Bd5d6,Bd6d7][%mdl 32]} f6 36. d7 {Precision: White = 89%, Black = 62%.} 1-0

[Event "HUN-chT 2017-18"]
[Site "Budapest"]
[Date "2018.05.05"]
[Round "8"]
[White "Balog, Imre"]
[Black "Ivanisevic, Ivan"]
[Result "0-1"]
[WhiteElo "2548"]
[BlackElo "2569"]
[Annotator "TA"]
[PlyCount "120"]
[EventDate "2018.??.??"]
[EventType "team-tourn"]
[EventCountry "HUN"]
[SourceTitle "playchess.com"]
[Source "ChessBase"]
[SourceQuality "1"]

{[%evp 17,120,4,12,4,0,6,5,0,13,11,46,50,62,53,22,-17,6,0,0,-33,-31,-35,0,0,14,28,23,34,48,36,30,39,59,48,51,31,38,0,0,0,0,-6,-9,-20,-11,-12,0,0,0,-20,-6,-18,-2,-3,-4,-27,-27,-27,-30,-36,-32,-29,-29,-58,-33,-51,0,0,-22,-108,-108,-106,-106,-108,-114,-319,-318,-315,-310,-312,-299,-308,-307,-295,-294,-298,-235,-322,-262,-658,-727,-725,-733,-726,-705,-677,-669,-663,-630,-587,-539,-29986,-29987,-29987,-29988]} 1. c4 e5 2. g3 d6 3. Bg2 f5 4. Nc3 Nf6 5. d3 Be7 6. e4 O-O {A21: English Opening: 1...e5 2 Nc3} (6... fxe4 7. dxe4 O-O 8. Nge2 c6 9. O-O Be6 10. b3 a6 11. a4 a5 12. h3 Na6 13. Be3 Qd7 14. Kh2 {0-1 (37) Romanov,E (2626)-Sjugirov,S (2650) St Petersburg 2017}) 7. Nge2 c6 8. O-O Na6 9. h3 fxe4 {LiveBook: 3 Games} 10. dxe4 Be6 11. b3 Qd7 12. Kh2 Bf7 $146 ({Predecessor:} 12... Nc7 13. f4 exf4 14. Nxf4 {½-½ (32) Fernandez,M (2236)-Wall,G (2329) Coulsdon 2017}) 13. Be3 b5 14. cxb5 cxb5 15. Qd2 b4 16. Na4 Qb5 17. Rad1 Nc5 18. Bxc5 dxc5 19. Nb2 Qa6 20. Nc1 Rfd8 21. Qc2 Rd4 22. Rfe1 Rad8 23. Bf1 Qb7 24. f3 Bh5 25. Rxd4 cxd4 26. Bc4+ Kh8 27. Qe2 Bd6 28. Ncd3 {[%cal Bc1d3,Bd3f2,Bf2g4][%mdl 32]} Rf8 29. Nf2 Qe7 30. Ng4 Nd7 31. Kg2 Bg6 32. h4 Bh5 33. Nh2 Nf6 34. Ba6 Be8 35. Rc1 Nh5 {Threatens to win with ...g5.} 36. Qd2 Bd7 37. Nd3 Qe6 $36 {[%mdl 2048] Black has the initiative.} 38. Nf2 h6 39. Nhg4 Qg6 40. Be2 Kh7 41. Kh2 {[#]} Nxg3 $1 {[%mdl 512]} 42. Kxg3 h5 {Hoping for ...Be7.} 43. Qg5 {[#]} (43. Nh3 $1 $11 {remains equal.} hxg4 44. fxg4) 43... Qxg5 $1 $17 44. hxg5 hxg4 45. Nxg4 Kg6 46. Rc5 $2 (46. Ne3 $17 {might work better.}) 46... Bxc5 $19 ({Stronger than} 46... Bxg4 47. Rc6 $11) 47. Nxe5+ Kxg5 48. Nxd7 {[%mdl 4096] Endgame KRB-KBN} Bd6+ 49. e5 Rf7 50. f4+ Kh6 51. Bb5 Bc7 52. Kg4 {[#] Now Nc5 and White clings on.} d3 $1 {[%cal Bd4d3,Bd3d2][%mdl 32]} 53. Nc5 $2 (53. Kf3) (53. Bxd3 Rxd7) 53... d2 54. Be2 {[#]} Bxe5 $1 {[%mdl 512]} 55. fxe5 Rf2 56. Bd1 Rf1 57. Be2 Re1 58. Kf3 g5 {[%cal Bg7g5,Bg5g4,Bg4g3][%mdl 32] Strongly threatening ...g4+!} 59. e6 {intending e7.} g4+ 60. Kf2 {[#]} g3+ $1 {[%mdl 512] Precision: White = 48%, Black = 58%.} 0-1